Statistics for September 12th: Birthdays

Click here to take the quiz!

General Stats

  • This quiz has been taken 6 times
  • The average score is 4 of 9

Answer Stats

YearClueAnswer% Correct
19134 Olympic Golds in 1936
Jesse Owens
67%
1575Namesake of the Hudson RiverHenry Hudson
67%
1981Actress in DreamgirlsJennifer Hudson
67%
1944Artist of Can't Get Enough Of Your Love, BabeBarry White
50%
1897Won Nobel Prize in ChemistryIrene Joliot-Curie
50%
1973Actor in The Fast and the FuriousPaul Walker
50%
1494KingFrancis I of France
0%
1852British Prime MinisterH. H. Asquith
0%
1880Wrote PrejusticesH. L. Mencken
0%

Score Distribution

Percentile by Number Answered

Percent of People with Each Score

Your Score History

You have not taken this quiz